Strategy maps and the way how to build them

Salvato in:
Dettagli Bibliografici
Autore principale: Hintošová, Aneta, 1979-
Natura: Capitolo di libro
Lingua:inglese
Tags: Aggiungi Tag
Nessun Tag, puoi essere il primo ad aggiungerne!!

MARC

LEADER 00000nla$a2200000$$$4500
001 0064749
005 20240502071748.3
041 0 |a eng 
044 |a SK 
245 1 0 |a Strategy maps and the way how to build them  |c Aneta Hintošová 
100 1 |a Hintošová, Aneta, 1979-